000
00280nam a22001457a 4500
003
SGT
082
_a
611.314
_b
C88C
100
_a
CCRH
245
_a
CHAPTER TEETH
260
_a
DELHI
_b
CCRH
_c
1988
300
_a
20
650
_a
HOMOEOPATHIC
653
_a
TEETH
942
_2
ddc
_c
BK
999
_c
18202
_d
18202